#Taiwan Districts in New Taipei City by it's shape - Statistics

General Stats
  • This quiz has been taken 19 times
  • The average score is 25 of 29
Answer Stats
Picture Hint Answer % Correct
Capital of NTPC Banqiao District
94%
sky lantern Pingxi District
94%
Jiufen, Jinguashi Ruifang District
94%
industrial park Wugu District
94%
Ankeng, Bitan Xindian District
94%
Fulong Gongliao District
88%
Luzhou District
88%
eight plus nine Sanchong District
88%
Taishan District
88%
Fort San Domingo Tamsui District
88%
Detention center Tucheng District
88%
Xizhi District
88%
ceramics Yingge District
88%
sweet potato Jinshan District
82%
Linkou District
82%
Old streat Sanxia District
82%
Qianshui bay Sanzhi District
82%
stinky tofu Shenkeng District
82%
Baisha bay Shimen District
82%
Shulin District
82%
Yeliu Wanli District
82%
Atayal Aboriginal people Wulai District
82%
second capital Xinzhuang District
82%
soy milk Yonghe District
82%
Zhonghe District
82%
Bali District
76%
Paochung tea Pinglin District
76%
Shiding District
76%
Shuangxi District
76%
No matching quizzes found
Score Distribution
Percent of People with Each Score
Percentile by Number Answered
Your Score History
You have not taken this quiz